A dictionary of modern written Arabic :

محفوظ في:

المؤلف الرئيسي: Wehr, Hans.

التنسيق: كتاب

اللغة: Undetermined

منشور في: T'ai-pei shih : Wen hsiang t'u shu kung ssu, 1980.

الوسوم: إضافة وسم

لا توجد وسوم, كن أول من يضع وسما على هذه التسجيلة!

رقم الطلب: (Ref.)PJ6640 .W43 1980

LEADER 00392nam a22001337a 4500
005 20251230082300.0
008 251230t1980||||xx |||||||||||||| ||und||
050 1 4 |a (Ref.)PJ6640  |b .W43 1980 
100 1 |a Wehr, Hans. 
245 1 2 |a A dictionary of modern written Arabic : 
264 1 |a T'ai-pei shih :  |b Wen hsiang t'u shu kung ssu,  |c 1980. 
300 |a xvii, 1110p. :  |b  ;  |c 20cm. 
942 |2 lcc 
999 |c 48836  |d 48836